| Поле | Инд. | ПП | Название | Значение |
|---|---|---|---|---|
| Тип записи | a | |||
| Библиографический уровень | b | |||
| 001 | Контрольный номер | RU/IS/BASE/441302693 | ||
| 005 | Дата корректировки | 20200522191632.3 | ||
| 008 | Кодируемые данные | 20131225 | ||
| 040 | b | Код языка каталог. | rus | |
| e | Правила каталог. | PSBO | ||
| 041 | 0_ | a | Код языка текста | rus |
| 084 | a | Индекс другой классификации/Индекс ББК | 65.292.34-237 | |
| 100 | 1_ | a | Автор | Читипаховян П. |
| 245 | 10 | a | Заглавие | О проблемах и принципах совершенствования бизнес-планирования в интегрированных структурах |
| 504 | a | Библиография | Лит. в конце статьи | |
| 520 | a | Аннотация | В статье изложены ключевые недостатки отечественной практики стратегического планирования в интегрированных корпоративных структурах. Сформулированы принципы совершенствования организации перспективного бизнес-планирования. | |
| 650 | 14 | a | Основная рубрика | менеджмент (управление предприятием) |
| a | Основная рубрика | экономика | ||
| a | Основная рубрика | экономика предприятия | ||
| a | Основная рубрика | экономическое прогнозирование | ||
| 653 | 1_ | a | Ключевые слова | бизнес-планирование |
| a | Ключевые слова | интегрированные корпоративные структуры | ||
| a | Ключевые слова | конкурентоспособность предприятия | ||
| a | Ключевые слова | корпоративный синергизм | ||
| a | Ключевые слова | корпорации | ||
| a | Ключевые слова | микроэкономика | ||
| a | Ключевые слова | Россия | ||
| a | Ключевые слова | стратегическое планирование | ||
| 773 | 08 | t | Заглавие источника | РИСК: ресурсы, информация, снабжение, конкуренция |
| d | Дата издания источника | 2012 | ||
| g | Прочая информация | № 3. - С. 311 - 312 | ||
| w | Контрольный № источника | RU/IS/BASE/407439363 | ||
| 901 | t | Тип документа | b |